000 00440nam a2200133Ia 4500
005 20260328101507.0
008 260328s9999||||xx |||||||||||||| ||und||
100 _aGarcía Moreno, Beatriz
245 0 _aDe la Casa patriarcal a la Casa nuclear :
_b En el municipio cafetero De Sevilla, Colombia /
_cBeatriz García Moreno
260 _bPontificia Universidad Javeriana
300 _a180 p.
650 _aARQUITECTURA RESIDENCIAL
942 _cBK
999 _c9061
_d9061